000
00298nam a2200121Ia 4500
008
190216s9999||||xx |||||||||||||| ||und||
100
_a
Jane Austein
245
0
_a
Pride And Prejudice
260
_b
The Pocket Library
_c
1956
300
_a
436p
650
_a
English Novel-English Novel
942
_c
BK
999
_c
12015
_d
12015